Thinking strategically: the competitive edge in business, politics, and everyday life

Պահպանված է:
Մատենագիտական մանրամասներ
Հիմնական հեղինակներ: Dixit, Avinash K (Հեղինակ), Nalebuff, Barry J. (Հեղինակ)
Ձևաչափ: Գիրք
Լեզու:անգլերեն
Հրապարակվել է: Nueva York W. W. Norton 1991
Խորագրեր:
Ցուցիչներ: Ավելացրեք ցուցիչ
Չկան պիտակներ, Եղեք առաջինը, ով նշում է այս գրառումը!

MARC

LEADER 00000nam a2200000 a 4500
001 UCN5225
003 CL-VaPUC
008 010824e19910000US |||||||||||||||||eng|d
082 0 4 |a 658.4012  |b DIX  |2 21 
100 0 |a Dixit, Avinash K  |e author  |9 461298 
700 |a Nalebuff, Barry J.  |e author  |9 461299 
245 1 0 |a Thinking strategically: the competitive edge in business, politics, and everyday life 
300 |a 393 p 
942 |c BK 
945 |d 20010824 00:00:00  |a cmena 
260 |a Nueva York  |b W. W. Norton  |c 1991 
650 0 |a Planificación estratégica   |9 259735 
650 0 |a Toma de decisiones   |9 257530 
650 7 |a PLANIFICACION Y CONTROL  |2 CL-VaPUC  |9 461300 
583 |a last modification  |c 20010824 00:00:00  |k Rodrigo Vera 
999 |c 296881  |d 296879 
952 |0 0  |1 0  |4 0  |6 658_401200000000000_DIX_1991  |7 0  |8 A  |9 351156  |a BIBING  |b BIBING  |d 2019-11-21  |i 3737632  |o 658.4012 DIX 1991  |p 3737632  |r 2025-01-20  |w 2019-11-21  |y BK  |k EII